| 000 | 01045nam a2200217 a 4500 | ||
|---|---|---|---|
| 005 | 20180803164954.0 | ||
| 008 | 140304s1998 ck ab fr|||| 000 0 spa d | ||
| 040 |
_aCO-BoIAVH _cCO-BoIAVH |
||
| 041 | 0 | _aspa | |
| 044 | _ack | ||
| 082 | 0 | 4 |
_a333.783 _bM66p2 |
| 110 | 2 |
_bMinisterio del Medio Ambiente. Unidad Administrativa Especial del Sistema de Parques Nacionales Naturales _aColombia. |
|
| 245 |
_aPrograma de manejo de recursos naturales : _bplan operativo general, manejo integral de los Parques Nacionales Naturales en el Chocó biogeográfico / _cMinisterio del Medio Ambiente, Unidad Administrativa Especial del Sistema de Parques Nacionales Naturales |
||
| 260 |
_aBogotá : _bMinisterio del Medio Ambiente : _bSistema de Parques Nacionales Naturales, _c1998. |
||
| 300 |
_a323 páginas : _bIlustraciones , mapas ; _c24 x 17 cm. |
||
| 650 | 6 | _aParques nacionales naturales | |
| 650 | 6 | _aManejo de parques | |
| 700 | 1 | _aSguerra C., Sandra Yolima | |
| 700 | 1 | _aCastaño Uribe, Carlos | |
| 942 |
_cLIBRO _2ddc |
||
| 999 |
_c2160 _d2160 |
||